| 000 -ლიდერი |
| ფიქსირებული სიგრძის საკონტროლო ველი |
00933nam a22001937a 4500 |
| 003 - საკონტროლო ნომრის იდენტიფიკატორი |
| საკონტროლო ველი |
Ge_BSU |
| 005 - ბოლო ოპერაციის თარიღი და დრო |
| საკონტროლო ველი |
20260210173827.0 |
| 008 - ფიქსირებული სიგრძის მონაცემთა ელემენტები - ზოგადი ინფორმაცია |
| ფიქსირებული სიგრძის საკონტროლო ველი |
260210s1967 ge ||||| |||| 00| 0 geo d |
| 041 ## - ენის კოდი |
| Language code of text/sound track or separate title |
geo |
| 080 ## - უნივერსალური ათობითი კლასიფიკაციის ინდექსი |
| Universal Decimal Classification number |
338(479.223) : 008(479.223) დ-43 |
| 100 ## - მთავარი ჩანაწერი - პიროვნების სახელი |
| Personal name |
დიასამიძე, დავით |
| 9 (RLIN) |
26864 |
| 245 ## - ცნობა სათაურის შესახებ |
| Title |
აჭარის ასსრ : |
| Remainder of title |
[სახალხო მეურნეობა და კულტურა] / |
| Statement of responsibility, etc |
დავით დიასამიძე, ნადიმ ნიჟარაძე. |
| 264 ## - წარმოების, გამოცემის, დისტრიბუციის და სხვა ცნობები |
| გამოცემის, წარმოების, დისტრიბუციის... ადგილი |
თბილისი : |
| გამოცემის, წარმოების, დისტრიბუციის... სახელწოდება |
საბჭ. საქართველო, |
| გამოცემის, წარმოების, დისტრიბუციის... თარიღი |
1967. |
| 300 ## - ფიზიკური აღწერა |
| Extent |
155 გვ. : |
| Other physical details |
ილ. ; |
| Dimensions |
16 სმ. |
| 653 ## - INDEX TERM--UNCONTROLLED |
| Uncontrolled term |
აჭარის სახალხო მეურნეობა |
| 653 ## - INDEX TERM--UNCONTROLLED |
| Uncontrolled term |
აჭარის კულტურა |
| 700 ## - ADDED ENTRY--PERSONAL NAME |
| Personal name |
ნიჟარაძე, ნადიმ |
| Relator term |
ავტორი |
| 9 (RLIN) |
26865 |
| 942 ## - ADDED ENTRY ELEMENTS (KOHA) |
| Source of classification or shelving scheme |
|
| Koha item type |
წიგნი |